000 00851nam a2200265Ia 4500
003 OSt
005 20220918173114.0
006 a|||||r|||| 00| 0
007 ta
008 220917b |||||||| |||| 00| 0 eng d
024 _a5,011
037 _cTextual
040 _aARTS
_cARTS
_beng
041 _2eng
_aeng
082 _a20bM1495, L51
110 _aNational Reprographic Centre For Documentation
_944925
245 0 _aUse of microfiches for scientific and technical reports
_b Considerations for the small user by B J S Williams and R N Broadhurst
260 _aHatfield
_bNRCD
_c1975
300 _av,21p
_ccm.
490 _aNRCD Publications; 2
650 _aLIBRARY SCIENCE
700 _aNational Reprographic Centre For Documentation
_944926
942 _h20bM1495, L51
_cTEXL
_2CC
999 _c147197
_d147197